[Event "TUR-chT 1st League"]
[Site "Denizli"]
[Date "2023.07.14"]
[Round "8.62"]
[White "Ozgur, Tibet Kagan"]
[Black "Yener, Cemil"]
[Result "1-0"]
[WhiteElo "1992"]
[BlackElo "1838"]
[PlyCount "63"]
[EventDate "2023.07.09"]
[EventType "team-swiss"]
[EventRounds "9"]
[EventCountry "TUR"]
[SourceTitle "CBM 215 Extra"]
[Source "ChessBase"]
[SourceDate "2023.09.30"]
[SourceVersion "1"]
[SourceVersionDate "2023.09.30"]
[SourceQuality "1"]
[WhiteTeam "Istanbul Teknik Uni"]
[BlackTeam "Ankara Demirspor"]
[WhiteTeamCountry "TUR"]
[BlackTeamCountry "TUR"]

1. Nf3 c5 2. g3 Nc6 3. Bg2 d5 4. 0-0 e5 5. d3 Nf6 6. e4 Be7 7. Nc3 0-0 8. exd5 Nxd5 9. Nxe5 Nxc3 10. Nxc6 Nxd1 11. Nxd8 Nxf2 12. Nxb7 Nh3+ 13. Kh1 Rb8 14. Na5 Bf6 15. Nc6 Rb6 16. Rxf6 gxf6 17. Ne7+ Kg7 18. Nxc8 Rxc8 19. Bxh3 Re8 20. Bg4 f5 21. Bf3 Re1+ 22. Kg2 Rbe6 23. Kf2 Kg6 24. h4 h5 25. b3 f6 26. Bb2 Rxa1 27. Bxa1 f4 28. gxf4 Kf5 29. Bc3 Kxf4 30. Bxh5 f5 31. Bf3 c4 32. d4 1-0

[Event "TUR-chT 1st League"]
[Site "Denizli"]
[Date "2023.07.12"]
[Round "5.63"]
[White "Demirtas, Alper"]
[Black "Ozgur, Tibet Kagan"]
[Result "1-0"]
[WhiteElo "1888"]
[BlackElo "1992"]
[PlyCount "137"]
[EventDate "2023.07.09"]
[EventType "team-swiss"]
[EventRounds "9"]
[EventCountry "TUR"]
[SourceTitle "CBM 215 Extra"]
[Source "ChessBase"]
[SourceDate "2023.09.30"]
[SourceVersion "1"]
[SourceVersionDate "2023.09.30"]
[SourceQuality "1"]
[WhiteTeam "Karsiyaka Ihtisas"]
[BlackTeam "Istanbul Teknik Uni"]
[WhiteTeamCountry "TUR"]
[BlackTeamCountry "TUR"]

1. Nf3 Nf6 2. c4 e6 3. g3 b6 4. Bg2 Bb7 5. 0-0 Be7 6. Nc3 0-0 7. Re1 d5 8. cxd5 Nxd5 9. e4 Nxc3 10. bxc3 Nc6 11. d4 Na5 12. Qc2 Rc8 13. Bf4 c5 14. d5 exd5 15. exd5 c4 16. Rad1 Rc5 17. Nd4 Bf6 18. Nc6 Qa8 19. Bd6 Nxc6 20. Bxf8 Qxf8 21. dxc6 Bxc6 22. Bxc6 Rxc6 23. Qa4 Rc8 24. Re4 Be7 25. Rde1 Rc7 26. Rxc4 Qd8 27. Rd1 Qxd1+ 28. Qxd1 Rxc4 29. Qd7 Bf8 30. Qxa7 b5 31. Qa5 Rc5 32. Qb4 g6 33. Kg2 h6 34. h3 Rf5 35. Qb3 Rc5 36. g4 Be7 37. Qb4 Bf8 38. Qa5 h5 39. Qb6 hxg4 40. hxg4 Rg5 41. Kf1 Re5 42. Qb8 Rc5 43. Ke1 Rd5 44. Qa8 Rc5 45. Kd2 Rc4 46. Qa6 Rc5 47. a4 bxa4 48. Qxa4 Rg5 49. f3 Rd5+ 50. Kc2 Rc5 51. c4 Re5 52. Kd3 Rc5 53. Kd4 Rc8 54. Qd7 Rc5 55. f4 Ra5 56. Qc8 Kg7 57. f5 gxf5 58. gxf5 Be7 59. Qc7 Bf6+ 60. Ke4 Ra4 61. Kd5 Kf8 62. c5 Rd4+ 63. Kc6 Bd8 64. Qe5 Rd1 65. Qh8+ Ke7 66. f6+ Ke6 67. Qh3+ Kxf6 68. Qf3+ Ke6 69. Qxd1 1-0

[Event "TUR-chT 1st League"]
[Site "Konya"]
[Date "2022.08.27"]
[Round "8.7"]
[White "Ozgur, Tibet Kagan"]
[Black "Uzun, Fuat"]
[Result "0-1"]
[WhiteElo "2036"]
[BlackElo "1937"]
[PlyCount "166"]
[EventDate "2022.08.22"]
[EventType "team-swiss"]
[EventRounds "9"]
[EventCountry "TUR"]
[SourceTitle "CBM 209 Extra"]
[Source "ChessBase"]
[SourceDate "2022.09.30"]
[SourceVersion "1"]
[SourceVersionDate "2022.09.30"]
[SourceQuality "1"]
[WhiteTeam "Istanbul Teknik Uni"]
[BlackTeam "Olbia Satranc"]
[WhiteTeamCountry "TUR"]
[BlackTeamCountry "TUR"]

1. Nf3 Nf6 2. c4 c6 3. g3 d5 4. Bg2 e6 5. 0-0 Be7 6. b3 0-0 7. Bb2 Nbd7 8. d3 b6 9. Nbd2 Bb7 10. e4 dxe4 11. dxe4 Qc7 12. e5 Ng4 13. Qe2 Nh6 14. Rfe1 c5 15. Ne4 Rad8 16. h4 Nf5 17. Bh3 Nd4 18. Nxd4 cxd4 19. f4 d3 20. Qd2 Nc5 21. Nf2 Qc6 22. Kh2 a5 23. Re3 Rd7 24. Rd1 Rfd8 25. h5 h6 26. Bc3 Na6 27. Ne4 Bc5 28. Nxc5 Nxc5 29. Bg2 Qc8 30. Bh3 Ne4 31. Qb2 Qc5 32. Bd2 Nf2 33. Rg1 Nxh3 34. Kxh3 f5 35. Qc1 Be4 36. a3 Rc7 37. Kh2 Qc6 38. Qe1 Bf3 39. Qb1 Be2 40. b4 axb4 41. Qxb4 Bxh5 42. Rc1 Be2 43. Kg1 Kh7 44. Qb3 Rd4 45. Rb1 Rxc4 46. Qxb6 Qd5 47. Qd6 Rd7 48. Qb6 Rc2 49. Rb2 Rxb2 50. Qxb2 Rc7 51. Qb4 Rc2 52. g4 Bxg4 53. a4 Be2 54. Rg3 Qc5+ 55. Qxc5 Rxc5 56. Kf2 Rc2 57. Ke3 Ra2 58. a5 Ra1 59. Kd4 Ra4+ 60. Kc5 Ra2 61. Kd6 Rxd2 62. Kxe6 Ra2 63. Kf7 g6 64. e6 d2 65. e7 d1Q 66. e8Q Bc4+ 67. Kf8 Qd6+ 68. Qe7+ Qxe7+ 69. Kxe7 Rxa5 70. Rc3 Ra7+ 71. Kf6 Rf7+ 72. Ke5 Ba6 73. Ke6 Rg7 74. Rh3 Bb7 75. Kf6 Be4 76. Ke5 Rb7 77. Kf6 Rb6+ 78. Ke5 Kg7 79. Rc3 Rb7 80. Rg3 Kf7 81. Rh3 Rb5+ 82. Kd6 Rd5+ 83. Kc6 Rd3+ 0-1

[Event "Wch U20 57th"]
[Site "Manavgat"]
[Date "2018.09.10"]
[Round "6"]
[White "Gulbeyaz, Emir"]
[Black "Ozgur, Tibet Kagan"]
[Result "0-1"]
[WhiteElo "2285"]
[BlackElo "2056"]
[PlyCount "80"]
[EventDate "2018.09.05"]
[EventType "swiss"]
[EventRounds "11"]
[EventCountry "TUR"]
[SourceTitle "CBM 186 Extra"]
[Source "ChessBase"]
[SourceDate "2018.08.24"]
[SourceVersion "1"]
[SourceVersionDate "2018.08.24"]
[SourceQuality "1"]

1. Nf3 Nf6 2. g3 b5 3. Bg2 Bb7 4. Na3 a6 5. c4 e5 6. cxb5 Bxa3 7. bxa3 0-0 8. bxa6 Nxa6 9. d3 Re8 10. 0-0 Nc5 11. Rb1 Bc6 12. Bb2 d6 13. Qc1 Bd5 14. Nh4 Ra4 15. Bxd5 Nxd5 16. e4 Nf4 17. gxf4 Qxh4 18. Qd1 Qxf4 19. Bc1 Qh4 20. Rb4 Ra6 21. f4 Qh3 22. Rf3 Qg4+ 23. Kh1 exf4 24. Rb2 d5 25. Rg2 Qh5 26. Bxf4 dxe4 27. Rxg7+ Kh8 28. dxe4 Nxe4 29. Rg1 Rf6 30. Rgf1 c5 31. Qa1 Kg8 32. Qc1 Qd5 33. Rg1+ Rg6 34. Rgf1 Rf6 35. Rg1+ Kh8 36. Qb2 Rg8 37. Rxg8+ Kxg8 38. Qb8+ Kg7 39. Qb2 c4 40. Be5 Qd1+ 0-1

[Event "Wch U20 57th"]
[Site "Manavgat"]
[Date "2018.09.06"]
[Round "2"]
[White "Pang, Tao"]
[Black "Ozgur, Tibet Kagan"]
[Result "1-0"]
[WhiteElo "2290"]
[BlackElo "2056"]
[PlyCount "155"]
[EventDate "2018.09.05"]
[EventType "swiss"]
[EventRounds "11"]
[EventCountry "TUR"]
[SourceTitle "CBM 186 Extra"]
[Source "ChessBase"]
[SourceDate "2018.08.24"]
[SourceVersion "1"]
[SourceVersionDate "2018.08.24"]
[SourceQuality "1"]

1. Nf3 Nf6 2. c4 e6 3. d4 Bb4+ 4. Bd2 Qe7 5. Nc3 Bxc3 6. Bxc3 Ne4 7. Qc2 Nxc3 8. Qxc3 0-0 9. g3 d6 10. Bg2 Nd7 11. 0-0 e5 12. Rfd1 e4 13. Nd2 Nf6 14. Nf1 d5 15. cxd5 Nxd5 16. Qc5 Qe6 17. Rac1 c6 18. e3 Re8 19. Nd2 Qg6 20. Qc2 Bg4 21. Re1 Bf5 22. a3 h5 23. h4 Qe6 24. Nb3 Rac8 25. Nc5 Qe7 26. f3 Nf6 27. Qf2 g6 28. f4 b6 29. Na4 c5 30. dxc5 b5 31. Nc3 Rxc5 32. b4 Rc4 33. Nxb5 Rec8 34. Rxc4 Rxc4 35. Bf1 Rc8 36. Qb2 Nd5 37. Qd4 Nb6 38. Nd6 Rd8 39. Nxf5 gxf5 40. Qc5 Qe6 41. Qc2 Rc8 42. Qd2 Qb3 43. Qe2 Qxa3 44. Qxh5 Qxb4 45. Rd1 Qc5 46. Rd4 Qa3 47. Kf2 Qa2+ 48. Be2 Qe6 49. g4 fxg4 50. Bxg4 Rc2+ 51. Kg3 Qe7 52. Bf5 f6 53. Qg6+ Kf8 54. Rxe4 Qf7 55. Qh6+ Qg7+ 56. Qxg7+ Kxg7 57. Re7+ Kf8 58. Re6 Rc3 59. Rxf6+ Kg7 60. Re6 Nd5 61. Kf3 Kf7 62. Re5 Ne7 63. Be4 Rc1 64. Ra5 Rh1 65. h5 Rh3+ 66. Ke2 Rh2+ 67. Kd3 Nc8 68. Bf5 Ne7 69. Bg6+ Nxg6 70. hxg6+ Kxg6 71. Rxa7 Rh3 72. Kd4 Rf3 73. Ra6+ Kf7 74. Ke4 Rh3 75. f5 Rh8 76. Kf4 Rh4+ 77. Ke5 Rh5 78. e4 1-0

[Event "TUR-chT 1st League"]
[Site "Konya"]
[Date "2018.07.20"]
[Round "7.2"]
[White "Ozgur, Tibet Kagan"]
[Black "Annaberdiyev, Babageldi"]
[Result "0-1"]
[WhiteElo "2014"]
[BlackElo "2247"]
[PlyCount "96"]
[EventDate "2018.07.16"]
[EventType "team-swiss"]
[EventRounds "9"]
[EventCountry "TUR"]
[SourceTitle "EXT 2019"]
[Source "ChessBase"]
[SourceDate "2018.10.10"]
[SourceVersion "1"]
[SourceVersionDate "2018.10.10"]
[SourceQuality "1"]
[WhiteTeam "Istanbul Teknik Uni"]
[BlackTeam "Sertel Genclik"]
[WhiteTeamCountry "TUR"]
[BlackTeamCountry "TUR"]

1. c4 Nf6 2. g3 e6 3. Bg2 d5 4. Nf3 Nbd7 5. 0-0 Be7 6. Nc3 0-0 7. cxd5 exd5 8. d4 c6 9. Nh4 Re8 10. Nf5 Bf8 11. Bf4 Nb6 12. Qd3 Ne4 13. g4 g6 14. Ne3 Bd6 15. Bxd6 Nxd6 16. b4 Qh4 17. Bf3 f5 18. Ng2 Qf6 19. gxf5 Bxf5 20. Qd1 Be4 21. Bxe4 Nxe4 22. Nxe4 Rxe4 23. e3 Nc4 24. Nf4 Qh4 25. Kh1 Rf8 26. a4 Rf5 27. Ra2 Re7 28. Rg1 Nd6 29. b5 Ne4 30. Qf3 Ref7 31. bxc6 bxc6 32. Rb2 Rxf4 33. exf4 Rxf4 34. Qe3 Nxf2+ 35. Kg2 Ne4 36. Rb8+ Kg7 37. Rb7+ Kh6 38. h3 Qf6 39. Kh2 g5 40. Rg2 Rf3 41. Qc1 Rf1 42. Qe3 Qd6+ 43. Rg3 Rf2+ 44. Kg1 Qf6 45. h4 Rf1+ 46. Kg2 Rf2+ 47. Kh3 Qf5+ 48. Rg4 Rf3+ 0-1

[Event "EU School-ch U17"]
[Site "Kallithea"]
[Date "2016.06.24"]
[Round "8"]
[White "Ozgur, Tibet Kagan"]
[Black "Asllani, Muhamet"]
[Result "0-1"]
[WhiteElo "1966"]
[BlackElo "2131"]
[PlyCount "74"]
[EventDate "2016.06.17"]
[EventType "swiss"]
[EventRounds "9"]
[EventCountry "GRE"]
[SourceTitle "EXT 2017"]
[Source "ChessBase"]
[SourceDate "2016.10.25"]
[SourceVersion "1"]
[SourceVersionDate "2016.10.25"]
[SourceQuality "1"]

1. Nf3 c5 2. g3 g6 3. Bg2 Bg7 4. 0-0 Nf6 5. c4 0-0 6. Nc3 Nc6 7. d4 cxd4 8. Nxd4 Qb6 9. Nc2 d6 10. b3 Be6 11. Bb2 Bxc4 12. Bxc6 bxc6 13. Na4 Qa6 14. Nb4 Qb7 15. Nxc6 Bb5 16. Na5 Qa6 17. Qd2 Bxa4 18. Bxf6 Bxf6 19. bxa4 Bxa1 20. Rxa1 Rac8 21. h4 Rc5 22. Nb3 Re5 23. e3 Qxa4 24. Rc1 Qd7 25. Qc3 Rb8 26. Rd1 Reb5 27. Rc1 d5 28. Kg2 a5 29. h5 d4 30. Nxd4 Rxh5 31. Nc6 Qh3+ 32. Kf3 Rf5+ 33. Ke2 Qh5+ 34. Kd3 Rd5+ 35. Nd4 e5 36. g4 Qxg4 37. Kc4 exd4 0-1

[Event "EU School-ch U17"]
[Site "Kallithea"]
[Date "2016.06.22"]
[Round "6"]
[White "Micoogullari, Lara"]
[Black "Ozgur, Tibet Kagan"]
[Result "0-1"]
[WhiteElo "1637"]
[BlackElo "1966"]
[PlyCount "102"]
[EventDate "2016.06.17"]
[EventType "swiss"]
[EventRounds "9"]
[EventCountry "GRE"]
[SourceTitle "EXT 2017"]
[Source "ChessBase"]
[SourceDate "2016.10.25"]
[SourceVersion "1"]
[SourceVersionDate "2016.10.25"]
[SourceQuality "1"]

1. Nf3 Nf6 2. g3 b6 3. Bg2 Bb7 4. 0-0 g6 5. b3 Bg7 6. Bb2 0-0 7. d4 d6 8. c4 Nbd7 9. Nbd2 Re8 10. Qc2 e5 11. d5 a5 12. a4 Nh5 13. Rab1 f5 14. e4 Rf8 15. Bc1 Nc5 16. Nh4 Bf6 17. exf5 Bxh4 18. gxh4 gxf5 19. Nf3 f4 20. Ng5 Qe7 21. Qe2 Nf6 22. Bxf4 Bc8 23. Bg3 h6 24. Nf3 Bf5 25. Rbd1 Nxb3 26. Nxe5 dxe5 27. d6 Qe8 28. Bxa8 Qxa8 29. f3 Bh3 30. Rf2 Nd4 31. Qd3 Bf5 32. Qe3 cxd6 33. Qxh6 Kf7 34. Qe3 Qc6 35. Rc1 Rg8 36. Rcf1 Bh3 37. Rd1 Qxa4 38. Rc1 Qc6 39. Rc3 Nf5 40. Qd2 Qc5 41. Kh1 Qc8 42. Qb2 Nxg3+ 43. hxg3 Rxg3 44. Qxb6 Bg2+ 45. Kg1 Bxf3+ 46. Kf1 Bg2+ 47. Rxg2 Rxc3 48. Qa7+ Ke6 49. Qg7 Qxc4+ 50. Kg1 Rc1+ 51. Kh2 Qxh4# 0-1

[Event "Manavgat Turkey Cup"]
[Site "Manavgat"]
[Date "2015.02.01"]
[Round "3"]
[White "Atakisi, Umut"]
[Black "Ozgur, Tibet Kagan"]
[Result "1/2-1/2"]
[WhiteElo "2312"]
[BlackElo "1886"]
[PlyCount "121"]
[EventDate "2015.01.31"]
[EventType "swiss"]
[EventRounds "11"]
[EventCountry "TUR"]
[SourceTitle "CBM 164 Extra"]
[Source "ChessBase"]
[SourceDate "2015.03.02"]
[SourceVersion "1"]
[SourceVersionDate "2015.03.02"]
[SourceQuality "1"]

1. e4 c5 2. Nf3 d6 3. Bb5+ Nd7 4. 0-0 Ngf6 5. Re1 a6 6. Bf1 b5 7. a4 b4 8. d4 cxd4 9. Qxd4 e6 10. Nbd2 Rb8 11. Nc4 Nb6 12. e5 dxe5 13. Qxd8+ Kxd8 14. Nfxe5 Ke8 15. Nc6 Rb7 16. N6a5 Rb8 17. Bf4 Nxc4 18. Bxc4 Ra8 19. Rad1 Bc5 20. Bd6 Bxd6 21. Rxd6 Bd7 22. Rb6 Bxa4 23. b3 Bd7 24. Rxb4 Ke7 25. Rb6 Rhc8 26. f3 Rcb8 27. Nc6+ Bxc6 28. Rxc6 Rc8 29. Rxc8 Rxc8 30. Ra1 Nd5 31. Rxa6 Ne3 32. Ra4 Nxc4 33. Rxc4 Rxc4 34. bxc4 Kd6 35. Kf2 Kc5 36. Ke3 Kxc4 37. Kd2 e5 38. c3 Kc5 39. g4 f6 40. Kd3 Kd5 41. h4 g6 42. c4+ Kd6 43. h5 Kc6 44. h6 Kd6 45. Kc3 Kc5 46. Kd3 Kd6 47. Ke4 Ke6 48. Kd3 Kd6 49. Ke3 f5 50. gxf5 gxf5 51. Kd3 Kc5 52. Kc3 e4 53. fxe4 fxe4 54. Kd2 Kxc4 55. Ke3 Kd5 56. Ke2 Ke6 57. Ke3 Kf5 58. Ke2 Kf4 59. Kf2 Kg5 60. Ke3 Kxh6 61. Kxe4 1/2-1/2

[Event "Gebze op 5th"]
[Site "Kocaeli"]
[Date "2014.09.25"]
[Round "9"]
[White "Ozgur, Tibet Kagan"]
[Black "Aliyev, Elnur Fakhraddin Og"]
[Result "1/2-1/2"]
[WhiteElo "1756"]
[BlackElo "2157"]
[PlyCount "194"]
[EventDate "2014.09.20"]
[EventType "swiss"]
[EventRounds "9"]
[EventCountry "TUR"]
[SourceTitle "CBM 162 Extra"]
[Source "ChessBase"]
[SourceDate "2014.10.17"]
[SourceVersion "1"]
[SourceVersionDate "2014.10.17"]
[SourceQuality "1"]

1. Nf3 c5 2. g3 Nc6 3. Bg2 g6 4. 0-0 Bg7 5. d3 e5 6. e4 Nge7 7. Be3 d6 8. Nbd2 0-0 9. Nh4 f5 10. Bg5 h6 11. Bxe7 Nxe7 12. c4 f4 13. Bf3 g5 14. Ng2 Be6 15. Bg4 Bf7 16. Bh5 Qe8 17. Bxf7+ Qxf7 18. Ne1 Qe6 19. f3 fxg3 20. hxg3 Qh3 21. g4 Ng6 22. Rf2 Qg3+ 23. Rg2 Qf4 24. Nf1 Nh4 25. Rg3 Rf7 26. Rc1 Raf8 27. Rc2 h5 28. Qe2 hxg4 29. Rxg4 Nxf3+ 30. Qxf3 Qxf3 31. Nxf3 Rxf3 32. Ng3 Bf6 33. Rd2 Kf7 34. Nf5 Ke6 35. Rg3 Rxg3+ 36. Nxg3 Rh8 37. Rh2 Rb8 38. Rh6 a6 39. Nh5 Rf8 40. a4 Ke7 41. Rh7+ Rf7 42. Rxf7+ Kxf7 43. Kg2 Kg6 44. Ng3 Kf7 45. Kf3 Ke6 46. Kg4 Kd7 47. Nh5 Bd8 48. Ng7 Kc6 49. Ne6 Be7 50. Nxg5 Kb6 51. Nf7 Ka5 52. Kf5 Kxa4 53. Ke6 Bf8 54. Nxd6 b5 55. Kxe5 Bg7+ 56. Kd5 Bxb2 57. cxb5 axb5 58. Kxc5 b4 59. Nc4 Bg7 60. e5 Bf8+ 61. Kd5 Kb3 62. e6 Kc3 63. d4 b3 64. Nb6 Kb4 65. Nc4 Be7 66. Nb2 Kc3 67. Na4+ Kb4 68. Nb2 Kc3 69. Na4+ Kb4 70. Nb2 Bf8 71. Ke4 Kc3 72. Nd3 Ba3 73. d5 Be7 74. Ke3 Kc4 75. Ke4 Bd6 76. Nb2+ Kc3 77. Na4+ Kb4 78. Nb2 Kc5 79. Nd1 Kc4 80. Nb2+ Kc5 81. Nd1 Be7 82. Ke5 Bd6+ 83. Ke4 Be7 84. Ke5 Bf8 85. Ke4 Bd6 86. Nb2 Be7 87. Ke5 Bd6+ 88. Ke4 Bf8 89. Nd3+ Kc4 90. Nb2+ Kc5 91. Na4+ Kb4 92. Nb2 Kc5 93. Na4+ Kd6 94. Kd4 b2 95. Nxb2 Bg7+ 96. Kc4 Bxb2 97. Kd3 Bf6 1/2-1/2

[Event "Gebze op 5th"]
[Site "Kocaeli"]
[Date "2014.09.23"]
[Round "6"]
[White "Muratoglu, Harun"]
[Black "Ozgur, Tibet Kagan"]
[Result "0-1"]
[WhiteElo "1851"]
[BlackElo "1756"]
[PlyCount "108"]
[EventDate "2014.09.20"]
[EventType "swiss"]
[EventRounds "9"]
[EventCountry "TUR"]
[SourceTitle "CBM 162 Extra"]
[Source "ChessBase"]
[SourceDate "2014.10.17"]
[SourceVersion "1"]
[SourceVersionDate "2014.10.17"]
[SourceQuality "1"]

1. d4 Nf6 2. Nf3 g6 3. Bg5 Bg7 4. Nbd2 d6 5. e3 h6 6. Bh4 Bf5 7. Bd3 Bxd3 8. cxd3 Nbd7 9. 0-0 g5 10. Bg3 Nh5 11. h3 Nxg3 12. fxg3 e6 13. Qb3 Rb8 14. Rac1 0-0 15. Qc2 c5 16. Ne4 cxd4 17. exd4 Nb6 18. Qb3 d5 19. Nc5 Qd6 20. a4 Nd7 21. Nxd7 Qxd7 22. Qa3 Rfc8 23. Ne5 Bxe5 24. dxe5 Rxc1 25. Rxc1 Rc8 26. Rxc8+ Qxc8 27. Qc3 Qxc3 28. bxc3 f6 29. exf6 Kf7 30. Kf2 Kxf6 31. Ke3 e5 32. Kf3 Kf5 33. g4+ Ke6 34. g3 Kd6 35. h4 Kc5 36. h5 b5 37. axb5 Kxb5 38. c4+ dxc4 39. dxc4+ Kxc4 40. Ke4 a5 41. Kxe5 a4 42. Kf6 a3 43. Kg6 a2 44. Kxh6 a1Q 45. Kxg5 Qg7+ 46. Kf5 Qh6 47. g5 Qxh5 48. Kf6 Qh7 49. g6 Qg8 50. g7 Kd5 51. Kg6 Ke6 52. g4 Ke7 53. g5 Ke6 54. Kh6 Ke5 0-1

[Event "Gebze op 5th"]
[Site "Kocaeli"]
[Date "2014.09.22"]
[Round "5"]
[White "Ozgur, Tibet Kagan"]
[Black "Sahin, Ozgun"]
[Result "0-1"]
[WhiteElo "1756"]
[BlackElo "2039"]
[PlyCount "66"]
[EventDate "2014.09.20"]
[EventType "swiss"]
[EventRounds "9"]
[EventCountry "TUR"]
[SourceTitle "CBM 162 Extra"]
[Source "ChessBase"]
[SourceDate "2014.10.17"]
[SourceVersion "1"]
[SourceVersionDate "2014.10.17"]
[SourceQuality "1"]

1. Nf3 d5 2. g3 c5 3. Bg2 Nc6 4. 0-0 e5 5. d3 Nf6 6. Nbd2 Bd6 7. e4 0-0 8. Nh4 Bc7 9. Nb3 Bb6 10. Bg5 dxe4 11. Bxe4 h6 12. Bxf6 Qxf6 13. Qf3 Qxf3 14. Nxf3 f6 15. Bd5+ Kh7 16. Bxc6 bxc6 17. Nfd2 Bh3 18. Rfe1 Rab8 19. Rab1 h5 20. Ne4 h4 21. Nbxc5 hxg3 22. hxg3 Kg6 23. b4 Rh8 24. f3 Rh7 25. g4 f5 26. Nf2 Rbh8 27. Nd7 Bd4 28. Nxe5+ Kg5 29. Nxc6 Bb6 30. Re5 g6 31. d4 Kf4 32. Nd3+ Kg3 33. Re2 Bf1 0-1

[Event "World ol U16 11th"]
[Site "Istanbul"]
[Date "2012.09.05"]
[Round "10.12"]
[White "Spacek, Oliver"]
[Black "Ozgur, Tibet Kagan"]
[Result "1-0"]
[WhiteElo "1945"]
[BlackElo "1653"]
[PlyCount "89"]
[EventDate "2012.08.29"]
[EventType "team-swiss"]
[EventRounds "10"]
[EventCountry "TUR"]
[SourceTitle "CBM 150 Extra"]
[Source "ChessBase"]
[SourceDate "2012.10.19"]
[SourceVersion "1"]
[SourceVersionDate "2012.10.19"]
[SourceQuality "1"]
[WhiteTeam "Slovakia (U16) II"]
[BlackTeam "Turkey Istanbul (U16)"]
[WhiteTeamCountry "SVK"]
[BlackTeamCountry "TUR"]

1. d4 Nf6 2. c4 g6 3. Nc3 Bg7 4. g3 0-0 5. Bg2 d6 6. Nf3 Nc6 7. d5 Na5 8. Qd3 b6 9. Nd2 Nd7 10. f4 Nb7 11. 0-0 e5 12. e4 exf4 13. gxf4 f5 14. Qc2 Ndc5 15. b4 Nxe4 16. Ndxe4 fxe4 17. Rb1 Bf5 18. Bxe4 Bxc3 19. Qxc3 Bxe4 20. Bb2 Qd7 21. Rf2 Kf7 22. Re1 Qg4+ 23. Kf1 Bd3+ 24. Qxd3 Rae8 25. f5 Rxe1+ 26. Kxe1 Qg1+ 27. Rf1 Re8+ 28. Kd1 Qg4+ 29. Kc1 g5 30. f6 Re4 31. Kb1 a5 32. a3 axb4 33. axb4 h5 34. Rf3 Re1+ 35. Ka2 Qe4 36. Qc3 Nd8 37. h3 Re2 38. Rg3 Rc2 39. Qb3 Qxc4 40. Rxg5 Qxb3+ 41. Kxb3 Rd2 42. Rxh5 Kg6 43. Rh8 Nf7 44. Rg8+ Kh6 45. Bc1 1-0

[Event "World ol U16 11th"]
[Site "Istanbul"]
[Date "2012.09.03"]
[Round "8.20"]
[White "Ozgur, Tibet Kagan"]
[Black "Lee, Qing Aun"]
[Result "1-0"]
[WhiteElo "1653"]
[BlackElo "1643"]
[PlyCount "44"]
[EventDate "2012.08.29"]
[EventType "team-swiss"]
[EventRounds "10"]
[EventCountry "TUR"]
[SourceTitle "CBM 150 Extra"]
[Source "ChessBase"]
[SourceDate "2012.10.19"]
[SourceVersion "1"]
[SourceVersionDate "2012.10.19"]
[SourceQuality "1"]
[WhiteTeam "Turkey Istanbul (U16)"]
[BlackTeam "Singapore (U16)"]
[WhiteTeamCountry "TUR"]
[BlackTeamCountry "SIN"]

1. c4 e6 2. Nf3 Nf6 3. d4 d5 4. cxd5 exd5 5. Bg5 Be7 6. e3 c6 7. Bd3 Bg4 8. Qb3 b6 9. Ne5 Bh5 10. Nd2 Bg6 11. Nxc6 Nxc6 12. Bb5 Rc8 13. Rc1 Nd7 14. Rxc6 Rxc6 15. Bxe7 Qc7 16. Bxc6 Qxc6 17. Ba3 Qc1+ 18. Qd1 Qxd1+ 19. Kxd1 Bd3 20. Nf3 Nf6 21. Ne5 Ne4 22. Nxd3 Ng5 1-0

[Event "World ol U16 11th"]
[Site "Istanbul"]
[Date "2012.09.01"]
[Round "6.16"]
[White "Ozgur, Tibet Kagan"]
[Black "Bayramov, Elvin Shamil Oglu"]
[Result "0-1"]
[WhiteElo "1653"]
[BlackElo "1986"]
[PlyCount "90"]
[EventDate "2012.08.29"]
[EventType "team-swiss"]
[EventRounds "10"]
[EventCountry "TUR"]
[SourceTitle "CBM 150 Extra"]
[Source "ChessBase"]
[SourceDate "2012.10.19"]
[SourceVersion "1"]
[SourceVersionDate "2012.10.19"]
[SourceQuality "1"]
[WhiteTeam "Turkey Istanbul (U16)"]
[BlackTeam "Azerbaijan (U16)"]
[WhiteTeamCountry "TUR"]
[BlackTeamCountry "AZE"]

1. c4 Nf6 2. Nf3 g6 3. g3 Bg7 4. Bg2 d6 5. 0-0 0-0 6. Nc3 Nc6 7. Rb1 e5 8. b4 Re8 9. d3 h6 10. Ba3 a6 11. Nd2 Be6 12. Nb3 Qc8 13. Re1 h5 14. Qc1 h4 15. b5 axb5 16. cxb5 Nd4 17. b6 h3 18. Bh1 Bxb3 19. axb3 cxb6 20. Bxd6 Qe6 21. Ba3 Rec8 22. Bb4 Nxb3 23. Qb2 Nc5 24. Bxc5 Rxc5 25. Bxb7 Ra7 26. Bf3 e4 27. d4 Rxc3 28. Qxc3 Nd5 29. Qb3 exf3 30. e4 Ne7 31. d5 Qd6 32. Qxf3 Bd4 33. Re2 Qe5 34. Qd3 Bc5 35. Kh1 Ra3 36. f4 Qh5 37. Qc2 Qf3+ 38. Rg2 hxg2+ 39. Qxg2 Qxg2+ 40. Kxg2 Re3 41. d6 Nc6 42. e5 f6 43. exf6 Kf7 44. Kh3 Kxf6 45. Kg4 Rd3 0-1

[Event "World School-ch U13 8th"]
[Site "Iasi"]
[Date "2012.05.02"]
[Round "5"]
[White "Ozgur, Tibet Kagan"]
[Black "Liang, Jake Z"]
[Result "1-0"]
[WhiteElo "1631"]
[BlackElo "1749"]
[PlyCount "79"]
[EventDate "2012.04.28"]
[EventType "swiss"]
[EventRounds "9"]
[EventCountry "ROU"]
[SourceTitle "EXT 2013"]
[Source "ChessBase"]
[SourceDate "2012.11.22"]
[SourceVersion "1"]
[SourceVersionDate "2012.11.22"]
[SourceQuality "1"]

1. c4 e5 2. g3 g6 3. Bg2 Bg7 4. Nc3 Nc6 5. d3 Nge7 6. e3 0-0 7. Nge2 Nf5 8. Nd5 a5 9. Nec3 Nce7 10. Qb3 d6 11. Bd2 Ra6 12. Rc1 c6 13. Nxe7+ Nxe7 14. 0-0 f5 15. Na4 Kh8 16. Rfd1 Qc7 17. c5 d5 18. Nb6 Be6 19. e4 Bg8 20. exd5 cxd5 21. Nxd5 Qc6 22. Nxe7 Bxb3 23. Bxc6 Bxd1 24. Bxb7 Ra7 25. c6 Bf3 26. Be3 Bxc6 27. Bxa7 Bxb7 28. Rc7 Ba6 29. Rc5 Bxd3 30. Rxa5 e4 31. b4 Bc3 32. Ra3 Bf6 33. Nd5 Be5 34. Bc5 Rc8 35. Nb6 Rc6 36. Ra8+ Kg7 37. Rc8 Bc7 38. Nd5 Bc4 39. Rxc7+ Rxc7 40. Nxc7 1-0

[Event "World School-ch U13 8th"]
[Site "Iasi"]
[Date "2012.04.28"]
[Round "1"]
[White "Ozgur, Tibet Kagan"]
[Black "Acsinte, Matei Ionut"]
[Result "0-1"]
[WhiteElo "1631"]
[BlackElo "1999"]
[PlyCount "68"]
[EventDate "2012.04.28"]
[EventType "swiss"]
[EventRounds "9"]
[EventCountry "ROU"]
[SourceTitle "EXT 2013"]
[Source "ChessBase"]
[SourceDate "2012.11.22"]
[SourceVersion "1"]
[SourceVersionDate "2012.11.22"]
[SourceQuality "1"]

1. c4 e5 2. g3 Nc6 3. Nc3 g6 4. Bg2 h5 5. Nf3 Bg7 6. e3 Nge7 7. d4 exd4 8. Nxd4 h4 9. b3 d6 10. Bb2 Ne5 11. Qe2 c5 12. Nc2 Bg4 13. f3 h3 14. fxg4 hxg2 15. Qxg2 Nd3+ 16. Kd2 Nxb2 17. Rab1 Qa5 18. b4 cxb4 19. Ne4 0-0-0 20. Ke2 Qxa2 21. Rhc1 Qxc4+ 22. Kf3 Kb8 23. Nd4 Qd5 24. Qxb2 f5 25. h4 Qxe4+ 26. Kf2 fxg4 27. Qxb4 Rhf8+ 28. Ke2 Bxd4 29. Qxd4 Qxd4 30. exd4 Nf5 31. Rb4 Nxg3+ 32. Kd3 Rf3+ 33. Kd2 Re8 34. Rbc4 Re2+ 0-1

[Event "EU-ch U12"]
[Site "Albena"]
[Date "2011.09.11"]
[Round "1"]
[White "Ozgur, Tibet Kagan"]
[Black "Mesaros, Florian"]
[Result "0-1"]
[WhiteElo "1638"]
[BlackElo "1935"]
[PlyCount "61"]
[EventDate "2011.09.11"]
[EventType "swiss"]
[EventRounds "9"]
[EventCountry "BUL"]
[SourceTitle "CBM 144 Extra"]
[Source "ChessBase"]
[SourceDate "2011.10.28"]
[SourceVersion "1"]
[SourceVersionDate "2011.10.28"]
[SourceQuality "1"]

1. Nf3 Nf6 2. g3 d5 3. Bg2 e6 4. 0-0 Bd6 5. d3 0-0 6. Nbd2 e5 7. e4 c6 8. Re1 Re8 9. Qe2 Bg4 10. h3 Bh5 11. Nf1 Nbd7 12. Bg5 h6 13. Bd2 dxe4 14. dxe4 Nc5 15. g4 Bg6 16. g5 hxg5 17. Nxg5 Qb6 18. b3 Rad8 19. Ng3 Bf8 20. h4 Ne6 21. Nxe6 Rxe6 22. Bh3 Red6 23. Be3 Qb4 24. f3 Qc3 25. Nf1 Bh5 26. Ng3 Rd2 27. Bxd2 Rxd2 28. Qf1 Bc5+ 29. Kh1 Bxf3+ 30. Qxf3 Qxf3+ 31. Bg2 0-1